Générique Creepie - Paroles - Statistiques

Statistiques générales
  • Ce quiz a été pris 28 fois
  • Le résultat moyen est 11 sur 21
Statistiques - réponses
Paroles % Correct
Tic, {Tic}
96%
C'est la secte des {insectes}
84%
Tic, {Tic}
80%
Elle n'est pas du {genre}
68%
Ni tapie dans son {lit}
68%
Jamais ne juge les {autres}
64%
Tic, {Tic}
60%
A se {pendre}
56%
Drôle de {famille}
56%
Drôle d'{atypique}
48%
Se fiche de vos {critiques}
48%
Creepie {secrète}
44%
Creepie gobe la {vie}
40%
Trop {sarcastiques}
40%
C'est {manifeste}
36%
L'humour est noir {scolopendre}
32%
Cloportes {aquatiques}
28%
Sont Creepies {Family}
28%
Tiques et {moustiques}
28%
C'est sa {coquille}
24%
Creepie {caustique}
24%
Aucun quiz correspondant
Distribution des résultats
% des personnes avec chaque résultat
Percentile par nombre de réponses
Votre historique - résultats
Vous n’avez pas pris ce quiz